The Kardashians : (Record no. 339948)
[ view plain ]
| 000 -LEADER | |
|---|---|
| fixed length control field | 00755nam a2200289Ia 4500 |
| 008 - FIXED-LENGTH DATA ELEMENTS--GENERAL INFORMATION | |
| fixed length control field | 170711s9999 xx 000 0 und d |
| 020 ## - INTERNATIONAL STANDARD BOOK NUMBER | |
| International Standard Book Number | 9781409140290 |
| 050 ## - LIBRARY OF CONGRESS CALL NUMBER | |
| Classification number | 791.45 |
| 050 ## - LIBRARY OF CONGRESS CALL NUMBER | |
| Item number | Ed26 2011 |
| 100 ## - MAIN ENTRY--PERSONAL NAME | |
| Personal name | Edwards, Posy |
| 245 #4 - TITLE STATEMENT | |
| Title | The Kardashians : |
| 245 ## - TITLE STATEMENT | |
| Remainder of title | a krazy life / |
| 245 ## - TITLE STATEMENT | |
| Statement of responsibility, etc | by Posy Edwards. |
| 260 ## - PUBLICATION, DISTRIBUTION, ETC. (IMPRINT) | |
| Place of publication, distribution, etc | Great Britain : |
| 260 ## - PUBLICATION, DISTRIBUTION, ETC. (IMPRINT) | |
| Name of publisher, distributor, etc | Orion, |
| 260 ## - PUBLICATION, DISTRIBUTION, ETC. (IMPRINT) | |
| Date of publication, distribution, etc | 2011 |
| 300 ## - PHYSICAL DESCRIPTION | |
| Extent | 45 pages : |
| 300 ## - PHYSICAL DESCRIPTION | |
| Other physical details | colored illustrations ; |
| 300 ## - PHYSICAL DESCRIPTION | |
| Dimensions | 24cm. |
| 650 ## - SUBJECT ADDED ENTRY--TOPICAL TERM | |
| Topical term or geographic name as entry element | Kardashian, Khloe -- |
| 650 ## - SUBJECT ADDED ENTRY--TOPICAL TERM | |
| Topical term or geographic name as entry element | Kardashian, Kim -- |
| 650 ## - SUBJECT ADDED ENTRY--TOPICAL TERM | |
| Topical term or geographic name as entry element | Kardashian, Kourtney - |
| 650 ## - SUBJECT ADDED ENTRY--TOPICAL TERM | |
| General subdivision | 1979- -- Juvenile literature. |
| 650 ## - SUBJECT ADDED ENTRY--TOPICAL TERM | |
| General subdivision | 1980- -- Juvenile literature. |
| 650 ## - SUBJECT ADDED ENTRY--TOPICAL TERM | |
| General subdivision | 1984- -- Juvenile literature. |
| 700 ## - ADDED ENTRY--PERSONAL NAME | |
| Personal name | Title. |
No items available.